| 000 | 00800nam a2200241 a 4500 | ||
|---|---|---|---|
| 001 | nice12345678 | ||
| 003 | IN_TiNIC | ||
| 005 | 20260116013446.0 | ||
| 008 | 050524s2001 hyda grp 000 0 eng | ||
| 020 |
_a _c100 |
||
| 082 | 0 | 0 |
_a954.84 _bIND |
| 245 | _aIntach Heritage Annual | ||
| 260 |
_aHYDERABAD _bIndian National Trust for Art-Intach _c2001 |
||
| 300 | _a80p | ||
| 500 | _aincludes index and biblioraphy | ||
| 505 | 2 | _aIndex | |
| 505 | 2 |
_aIndex00 _gV1. _tIntach Heritage Annual 2001.-- _gV2. _tIntach Heritage Annual 1999.-- _gV3. _tIntach Heritage Annual 1997.-- _gV4. _tIntach Heritage Annual 2002.-- _gV6. _tIntach Heritage Annual Rep |
|
| 650 | _aHyderabad-History | ||
| 710 | 2 | _aIndian National Trust for Artand Cultural Heritag | |
| 902 | _bSRS | ||
| 942 | _cBK | ||
| 999 |
_c11064 _d11064 |
||